000 00352nam a2200145Ia 4500
008 230917s9999||||xx |||||||||||||| ||und||
040 _e110916
_aMAIN
041 _aEnglish
082 _a005.43 G41E
100 _aGill,P.S
245 0 _aOperating system concepts
260 _aNew Delhi
_bFirewall media
_c2006
300 _a181 p. ; 9
942 _cBK
999 _c135802
_d135802